<?xml version="1.0" encoding="UTF-8"?>
<collection xmlns="http://www.loc.gov/MARC21/slim">
 <record>
  <leader>00555pamaa2200169   4500</leader>
  <controlfield tag="001">0000044047</controlfield>
  <controlfield tag="005">20140428090000.0</controlfield>
  <controlfield tag="008">080811                             eng  </controlfield>
  <datafield tag="020" ind1="0" ind2="0">
   <subfield code="a">9781847104762 (pbk.) </subfield>
  </datafield>
  <datafield tag="090" ind1="0" ind2="0">
   <subfield code="a">HF5686.I56 </subfield>
   <subfield code="b">FIN [?]</subfield>
  </datafield>
  <datafield tag="100" ind1="1" ind2="0">
   <subfield code="a">Finch </subfield>
  </datafield>
  <datafield tag="245" ind1="1" ind2="1">
   <subfield code="a">A student's guide to international financial reporting standards  </subfield>
   <subfield code="c">Clare Finch.</subfield>
  </datafield>
  <datafield tag="260" ind1="0" ind2="0">
   <subfield code="a">Berkshire, Britain: </subfield>
   <subfield code="b">Kaplan publishing, </subfield>
   <subfield code="c">[?].</subfield>
  </datafield>
  <datafield tag="300" ind1=" " ind2=" ">
   <subfield code="a">iii, 461p: </subfield>
   <subfield code="b">ill.; </subfield>
   <subfield code="c">24 cm.</subfield>
  </datafield>
  <datafield tag="501" ind1="0" ind2="0">
   <subfield code="a">FOBCAL</subfield>
  </datafield>
  <datafield tag="650" ind1="0" ind2="0">
   <subfield code="a">International business enterprises -- </subfield>
   <subfield code="x">Finance </subfield>
  </datafield>
  <datafield tag="901" ind1=" " ind2=" ">
   <subfield code="u">www.kaplan.co.uk</subfield>
  </datafield>
 </record>
</collection>
